000 00489nam a2200133Ia 4500
008 220217s9999 xx 000 0 und d
100 _aRenjini Raghavan
245 0 _aEffect of ethylene stimulation on healthy and tapping panel dryness (TPD) affected trees of Hevea brasiliensis (Willd. ex Adr. de Juss.) Muell. ARg.
260 _bMahatma Gandhi University
_a Kottayam
_c2007
500 _aAvailable in Physiology
500 _aCourse: M.Phil
700 _aDr R Krishnakumar
942 _cTS
999 _c74620
_d74620